00610aam a2200217 450000500170000000800410001704100080005808200180006610000180008424500840010226000310018630000180021765000300023565000190026565000370028465000120032165000160033365000150034965000130036465000150037720161117102906.0150408b xxu||||| |||| 00| 0 spa d aspa a005.262 A646d aAppleman, Dan aDeveloping COM/ActiveX Components with Visual Basic 6: a guide to the perplexed aEstados UnidosbSamsc1999 a858 páginas aLENGUAJES DE PROGRAMACION aVISUAL BASIC 6 aPROGRAMACION ORIENTADA A OBJETOS aACTIVEX aCOMPONENTES aDOCUMENTOS aINTERNET aINTERFACES